000 00808nam a2200241 a 4500
001 BRL_762
005 20190320210902.0
008 021013s1933----gw-a######---#000-0#ger-#
041 _ager
044 _agw
050 4 _aDD21
_b.L36 1933
100 1 _aLang, Leopold
_924869
245 1 0 _aZeiten und menschen
_bGeschichte in lebensvollen Erzählungen aus Vorzeit, Altertum, Mittelalter und Neuzeit
_cvon Leopold Lang, Karl Janhuber und Josef Prüger ; Mit Bildern von K. Alex. Wilke
260 _aWien
_bÖsterreichischer Bundesverlag
_c1933
300 _a[varias paginaciones]
_bil.
_c23 cm.
500 _aAu825
650 1 4 _aHistoria
_zAlemania
_924870
700 1 _aJanhuber, Karl
_924871
700 1 _aPrüger, Josef
_924872
700 1 _aWilke, K. Alex.
_eil.
_924873
902 _aGRL
942 _2lcc
_cB
999 _c9574
_d9574